| 000 | 01988nam a2200325 i 4500 | ||
|---|---|---|---|
| 001 | 000003309 | ||
| 003 | DO-SdBNP | ||
| 005 | 20250621074004.0 | ||
| 007 | ta | ||
| 008 | 090707s1993 dr 000 0 spa d | ||
| 040 |
_aDO-SdBNP _bspa _cBNPHU _erda |
||
| 082 | 4 |
_a923.2 _bR741C _222 |
|
| 100 | 1 |
_aCampillo Pérez, Julio G., _d1922- _96912 _eautor |
|
| 245 | 1 | 0 |
_aBenigno Filomeno de Rojas : _bpolítica y economía / _cJulio Genaro Campillo Pérez. |
| 264 |
_aSanto Domingo : _bAlfa & Omega, _c1993. |
||
| 300 |
_a306 páginas ; _c23 cm. |
||
| 336 |
_2rdacontent _atexto _btxt |
||
| 337 |
_2rdamedia _asin mediación _bnc |
||
| 338 |
_2rdacarrier _avolumen _bn |
||
| 490 |
_aSesquicentenario de la Independencia Nacional ; _v1 |
||
| 500 | _aIncluye datos biográficos del autor en las solapas. | ||
| 500 | _aIncluye referencias bibliográficas y notas a pie de las páginas. | ||
| 505 | _aPresentación -- Reconocimiento -- Reivindicación de Benigno Filomeno de Rojas -- Proyecciones históricas -- Pesamiento político y económico de Benigno Filomeno de Rojas -- Cronología -- Arbol genealógico -- Diversos juicios sobe Rojas -- Juramentaciones vicepresidenciales -- Gobierno constitucional de Valverde 1858 -- Gobierno restaurador de Pimentel 1865 --Teorías constitucionales -- En el congreso revisor de la constitución 1854, Santo Domingo -- En el soberano congreso constituyente de Moca 1857-1858 -- Debates parlamentarios -- Tribunado 1847-1848 -- Congreso Nacional 1847-1853 -- Senado Consultor 1855 -- Exposiciones, proclamas y decretos -- Mensajería a la nación -- Disposiciones ejecutivas y legislativas -- Canción patriótica -- Varios. | ||
| 590 | _aInventariado, 2018/ YL | ||
| 600 | 1 | 4 |
_aRojas, Benigno Filomeno de, _d1811-1865 _xActividad política _910401 |
| 650 | 4 |
_aCuerpos legislativos _zRepública Dominicana _xHistoria _910402 |
|
| 651 | 0 |
_aRepública Dominicana _xPolítica y gobierno _945 |
|
| 910 | _aValidado. Control de calidad EMS. | ||
| 942 |
_2ddc _cLBS1 |
||
| 999 |
_c3140 _d3140 |
||